00382nam a2200109Ia 4500008004100000082001900041100002600060245002700086260007300113630001800186650006800204211109s9999||||xx |||||||||||||| ||und|| a891.433bMEH-S aMehndiratta, Virendra 0aSidharth Se Poochoonga bAll India Association of Christian Higher EducationaNew Delhic1994 xGeneral stack aHindi literaturevHindi fictionxLiterature & rhetoricGeneralia